000 00710nam a22002297i 4500
003 URS
005 20220114153450.0
008 181027b xxu||||| |||| 00| 0 eng d
020 _a978-971-98-0443-7
040 _erda
_cURSP-Library
_beng
100 1 _aSalvador, Germaine Angelica
245 1 0 _aEvent management:
_benvision, execute, evaluate
_cGermaine Angelica Salvador
250 _a2nd ed.
264 _aQuezon City
_bC and E Pub. Incorporated
_c2016
300 _axiv,224pages
_billustrations
_c26cm
336 _atext
_btxt
_2rdacontent
337 _aunmediated
_bn
_2rdamedia
338 _avolume
_bnc
_2rdacarrier
650 0 _aspecial events--management.
650 0 _aspecial events
942 _2lcc
_cF
999 _c8674
_d8674